| 000 | 00344nam a2200133Ia 4500 | ||
|---|---|---|---|
| 008 | 210430s9999 xx 000 0 und d | ||
| 082 | _a541 B223 P | ||
| 100 |
_aGordon M Barrow _926983 |
||
| 245 |
_aPhysical Chemistry / _cGordon M Barrow |
||
| 250 | _a5th edition | ||
| 260 |
_aIndia _bMcGraw-Hill _c1998 |
||
| 300 | _a859p | ||
| 942 |
_cBK _2ddc |
||
| 999 |
_c563224 _d563224 |
||